| 000 | 00627nam a22001937a 4500 | ||
|---|---|---|---|
| 003 | OSt | ||
| 005 | 20250709021938.0 | ||
| 008 | 250709b |||||||| |||| 00| 0 eng d | ||
| 020 | _a9789351159339 | ||
| 040 |
_aDWCL - Main lib _cOC |
||
| 082 | _aCirc. 338.4 T727 2016 | ||
| 100 | _a3G ELearning FZ LLC | ||
| 245 |
_aTourism promotion services : _bintermediate/ _c3G ELearning FZ LLC |
||
| 260 |
_aUAE : _b3G Elearning, _cc2016. |
||
| 300 |
_avi, 309 pages : _b illustrations (chiefly color) : _c 30 cm. -- + 1 CD-ROM (4 3/4 in.) |
||
| 504 | _aIncludes index. | ||
| 650 | _a1. Tourist trade. | ||
| 942 |
_2ddc _cBK-CIRC _kCirc. _n0 |
||
| 999 |
_c3514 _d3514 |
||